| 000 | 00736nam a2200241 a 4500 | ||
|---|---|---|---|
| 005 | 20240924064502.0 | ||
| 008 | 991125s1986 bar 000 0 spa u | ||
| 020 | _a8432994103 | ||
| 035 | _aUPN01000007397 | ||
| 049 | _aCG | ||
| 050 | 4 |
_aLB1140 _bC45 1986 |
|
| 245 | 0 | 0 |
_aCentros de interés plástica / _cMariana Martínez Sánchez ... [et al.]. |
| 250 | _a3a ed. | ||
| 260 |
_aBarcelona, Esp. : _bCEAC, _c1986. |
||
| 300 |
_a120 p. : _bil. |
||
| 440 | 0 |
_aEducación y enseñanza. _pBiblioteca preescolar |
|
| 650 | 7 |
_aArtes plásticas _2 _92767 |
|
| 650 | 4 |
_aARTE - _vPLANES Y PROGRAMAS _92506 |
|
| 650 | 4 |
_aEducación preescolar _91517 |
|
| 700 | 1 |
_aMartínez Sánchez, Mariana, _ecoaut. |
|
| 905 | _aLibro | ||
| 999 |
_c7397 _d7397 |
||